Sociedad : E.G.B. 5

Gespeichert in:
Bibliographische Detailangaben
1. Verfasser: Ramos, Emérita
Weitere Verfasser: Manero, Fernando
Format: Buch
Sprache:Spanisch
Erschienen: Valladolid : Miñon, 1977
Katalog:MANES:  Suchergebnis im Bibliothekskatalog
Schulbuchspezifische Eigenschaften:
Tags: Tag hinzufügen
Keine Tags, Fügen Sie den ersten Tag hinzu!
Hinzugefügt zu:09.02.2019
Geändert in:07.05.2025

MARC

LEADER 00000cam a2200000 4500
005 20250507134458.0
008 190210S1977 0espa p 0000 00spa0d
020 |a 8435501442 
040 |a uned  |b spa  |c entro-manes 
041 0 |a spa 
100 1 |a Ramos, Emérita  |9 26441 
245 1 0 |a Sociedad :  |b E.G.B. 5 /   |c autores, Emérita Ramos, Fernando Manero 
260 |a Valladolid :  |b Miñon,  |c 1977 
300 |a 251 p. :  |b il. 
546 |a España 
561 |5 es-BUNED  |3 L.T.M. 0058  |a España. Fondo Manes UNED  |k MANES 
690 0 |a GEO  |a HI 
700 1 |a Manero, Fernando  |9 39083 
942 |2 ddc  |c BK 
999 |c 95384  |d 95384 
999 |c manes:95384  |d 95384